000 00309nam a22001337a 4500
008 170620b xxu||||| |||| 00| 0 eng d
020 _a9780815793830
041 _aeng
080 _a32
100 _a20
101 _aSHP
245 _aPOST-STABILIZATION POLITICS IN LATIN AMERICA
_cWISE,C
942 _2udc
_cBK
999 _c18255
_d18255